The english novel /

Bibliographic Details
Main Author: Raleigh, Walter
Format: Book
Language:English
Published: Meerut : Shalabah publishing house, 2004.
Edition:super deluxe edition 2004
Subjects:
Classic Catalogue: View this record in Classic Catalogue
LEADER 01063nam a2200253 a 4500
001 00017150
003 BD-DhAAL
008 110821s2004 ii a 001 0 eng d
020 |a 8188681008 
040 |a BD-DhAAL  |c BD-DhAAL 
082 0 0 |a 813.009 
100 1 |a Raleigh, Walter  |9 58288 
245 1 0 |a The english novel /  |c Walter Raleigh forworded by T. R. Sharma 
250 |a super deluxe edition 2004 
260 |a Meerut :  |b Shalabah publishing house,  |c 2004. 
300 |a xii, 298 p. :  |b ill. ;  |c 24 cm 
500 |a Includes index. 
526 |a ENH  |x Prof. Syed Manzoorul Islam Faculty Member of BRAC University 
541 1 |e 00017150  |a Friends' Book Corner 
650 0 |a English fiction  |x History and criticism. 
852 4 |a Ayesha Abed Library   |c General Stacks 
942 |2 ddc  |c BK 
999 |c 11212  |d 11212 
952 |0 0  |1 0  |2 ddc  |4 0  |6 813_009000000000000_RAL  |7 0  |9 17904  |a BRACUL  |b BRACUL  |c GEN  |d 2011-08-23  |e Friends' Book Corner  |g 1500.00  |l 0  |o 813.009 RAL  |p 3010017150  |r 2011-08-23  |t 1  |w 2011-08-23  |y BK  |x Requisitioned by Prof. Syed Manzoorul Islam (Faculty Member of BRAC University).